Statistics for All Felines/Cats species

Click here to take the quiz!

General Stats

  • This quiz has been taken 12 times
  • The average score is 12 of 41

Answer Stats

DistributionAnswer% Correct
AfricaLion
100%
India, South East Asia, RussiaTiger
100%
Africa, Middle EastCheetah
91%
North America, South AmericaCougar/Puma
91%
Africa, Middle East, India, South East AsiaLeopard
91%
WorldwideCat
73%
South America, Central AmericaJaguar
73%
Central America, South AmericaOcelot
64%
North AmericaBobcat
55%
Africa, Middle EastCaracal
45%
Himalayas, MongoliaSnow leopard
45%
AfricaServal
36%
South East AsiaClouded leopard
27%
IndiaFishing cat
27%
North Africa, Middle EastSand cat
27%
Canada, AlaskaCanada Lynx
18%
SpainIberian Lynx
18%
Central America, South AmericaJaguarundi
18%
Chile, ArgentinaKodkod
18%
Central America, South AmericaMargay
18%
China, Mongolia, Middle EastPallas's cat
18%
South AmericaPampas cat
18%
Indonesia, MalaysiaSunda clouded leopard
18%
Central AfricaAfrican golden cat
9%
Africa, Middle EastAfrican wildcat
9%
Peru, ArgentinaAndean mountain cat
9%
South East AsiaAsian golden cat
9%
BorneoBay cat
9%
South AfricaBlack-footed cat
9%
ChinaChinese mountain cat
9%
Europe, AsiaEurasian lynx
9%
EuropeEuropean wildcat
9%
Indonesia, MalaysiaFlat-headed cat
9%
Argentina, BoliviaGeoffroy's cat
9%
Middle East, India, South East AsiaJungle cat
9%
China, India, South East AsiaLeopard cat
9%
South East AsiaMarbled cat
9%
South AmericaOncilla
9%
IndiaRusty-spotted cat
9%
Indonesia, MalaysiaSunda leopard cat
9%
BrazilSouthern tiger cat
0%

Score Distribution

Percentile by Number Answered

Percent of People with Each Score

Your Score History

You have not taken this quiz